01679nam a2200373Ia 4500001001200000003000800012006001900020007001500039008004100054010001700095020004300112020002600155040002100181035002100202050002100223082001800244245012900262260005300391300003200444500013900476504005100615533015200666650004000818650006800858650005200926650004200978651005601020655002901076700001901105700002301124710001701147856012601164999001501290ebr10704701CaPaEBRm o u cr cn|||||||||121220s2013 njuab sb 101 0 eng d z 2012047892 z9780691143019 (hardcover : alk. paper) z9781400846306 (ebook) aCaPaEBRcCaPaEBR a(OCoLC)84493939314aU33b.M46 2013eb04a355.4/73822300aMen of bronzeh[electronic resource] :bhoplite warfare in ancient Greece /cedited by Donald Kagan and Gregory F. Viggiano. aPrinceton :bPrinceton University Press,cc2013. axxi, 286 p. :bill., maps.  a"The papers published in this volume resulted from a conference on early Greek hoplite warfare held at Yale University in April 2008." aIncludes bibliographical references and index. aElectronic reproduction.bPalo Alto, Calif. :cebrary,d2013.nAvailable via World Wide Web.nAccess may be limited to ebrary affiliated libraries. 0aArmor, AncientzGreecevCongresses. 0aMilitary art and sciencezGreecexHistoryyTo 1500vCongresses. 0aSoldierszGreecexHistoryyTo 1500vCongresses. 0aWeapons, AncientzGreecevCongresses. 0aGreecexHistory, MilitaryyTo 146 B.C.vCongresses. 7aElectronic books.2local1 aKagan, Donald.1 aViggiano, Gregory.2 aebrary, Inc.40uhttp://site.ebrary.com/lib/rucke/Doc?id=10704701zAn electronic book accessible through the World Wide Web; click to view c5127d5127